1043 1687 1344 1565 1320 1656 1430 1872 1564 1217 1781 1995 1110 1729 1622 1728 1209 1013 1142 1423 1485 1219 1853 1444 1632 1317 1759 1297 1034 1976 1364 1322 1117 1126 1914 1723 1628 1313 1032 1898 1417 1077 1527 1045 1401 1217 1724 1337 1875 1101 1012 1187 1767 1120 1257 1463 1232 1851 1916 1320 1917 1080 1076 1481 1881 1740 1408 1533 1427 1973 1671 1359 1977 1661 1104 1207 1518 1661 1705 1546 1726 1478 1213 1307 1664 1325 1716 1236 1893 1583 1878 1018 1077 1991 1822 1368 1823 1680 1857 BCNSPRNW ULIB Ver.6.0+V

เปลี่ยนเป็นภาษาไทย

Change to English
 แสดงรายละเอียดบรรณานุกรม
  กลับหน้าหลัก

Brief Record : Get Marc (ISO 2709) : E-mail record : QR code < ปิดหน้าต่าง
LEADER : 00000nam 2200000uu 4500
001    13399110374
003     ULIB
008    110429s2549||||th 000 0 tha d
020    9749427998
020    9789749427996
060 04 WO5^bป364ศ ล.34 2549
245 00 ศัลยศาสตร์วิวัฒน์ 34 :^bDifficult surgery /^c[บรรณาธิการ],ประยุทธ์ ศิริวงศ์, เพชร เกษตรสุวรรณ, ชาญชัย นิมิตรวานิช
246 30 Difficult surgery
250    พิมพ์ครั้งที่ 1
260    กรุงเทพฯ :^bโฆษิตการพิมพ์,^c2549
300    593 หน้า :^bภาพประกอบ ;^c22 ซม.
650  7 ศัลยศาสตร์
653    ผลงานอาจารย์คณะแพทยศาสตร์ศิริราชพยาบาล
700 0  ประยุทธ์ ศิริวงศ์,^eบรรณาธิการ
700 0  เพชร เกษตรสุวรรณ,^eบรรณาธิการ
700 0  ชาญชัย นิมิตรวานิช,^eบรรณาธิการ
995    ทศพร
999 ^a ใช้งานได้ทุกระบบ
รายการนี้ยังไม่มีแท็ก
คุณยังไม่ได้ล็อกอิน คุณสามารถมีกิจกรรมร่วมกับเว็บไซต์ได้ แต่ต้องล็อกอินก่อน ::
  ล็อกอิน

รายการสื่อสารสนเทศ

ลำดับที่ ประเภท เลขเรียก/บาร์โค้ด สถานที่ สถานะ
- ไม่พบข้อมูล -

รายการใกล้เคียง
    หัวเรื่อง [ศัลยศาสตร์]

BibComment


ยังไม่เคยถูกคอมเมนท์

คอมเมนท์ทรัพยากรรายการนี้
  คอมเมนท์: ศัลยศาสตร์วิวัฒน์..


 Copyright 2026. Bcnsprnw @Library